Ville Bretonne - Mort Subite - Statistiques

Statistiques générales
  • Ce quiz a été pris 536 fois
    514 depuis la dernière actualisation
  • Le résultat moyen est 3 sur 16
Answers on the Grid
Answers color-coded by a green-red scale on the quiz's grid according to % correct below.
Saint-Malo
Laval
Saint-Nazaire
Guerlédan
Bourbriac
La Flèche
Guérande
Fay-de-Bretagne
Lesneven
Pornic
Roudouallec
Nantes
Baud
Pontivy
Combourg
La Hague
Blain
Coray
La Baule-Escoublac
Herbignac
Saint-Nic
Questembert
Saint-Gaudens
Plouay
Plouray
Redon
Josselin
Gouarec
Jonzac
Gacé
 
Statistiques - réponses
Réponse % Correct
Saint-Malo
97%
Guerlédan
29%
Redon
29%
Pontivy
27%
Josselin
19%
Plouay
18%
Questembert
18%
Lesneven
17%
Gouarec
14%
Plouray
14%
Bourbriac
12%
Roudouallec
12%
Baud
11%
Combourg
11%
Saint-Nic
10%
Coray
6%
Aucun quiz correspondant
Distribution des résultats
% des personnes avec chaque résultat
Percentile par nombre de réponses
Votre historique - résultats
Vous n’avez pas pris ce quiz depuis la dernière actualisation